|
|
|
|
| LEADER |
01188nam a2200277 a 4500 |
| 001 |
513867 |
| 008 |
091102s1985 ii a b 000 0 eng d |
| 010 |
|
|
|a 85904018
|
| 020 |
|
|
|a 0861320670
|
| 040 |
|
|
|a DLC
|c DLC
|d DLC
|
| 082 |
0 |
0 |
|a 338.6/42/095475
|2 19
|
| 100 |
1 |
|
|a Streefkerk, Hein.
|
| 240 |
1 |
0 |
|a Lichte industrie in een kleine Indiase stad.
|l English
|
| 245 |
1 |
0 |
|a Industrial transition in rural India :
|b artisans, traders, and tribals in South Gujarat /
|c Hein Streefkerk.
|
| 260 |
|
|
|a Bombay :
|b Popular Prakashan,
|c 1985.
|
| 300 |
|
|
|a xii, 280 p. :
|b ill., maps ;
|c 22 cm.
|
| 500 |
|
|
|a Translation of: Lichte industrie in een kleine Indiase stad.
|
| 504 |
|
|
|a Includes Bibliography (p. 269-280.)
|
| 541 |
1 |
|
|e 00003772
|
| 650 |
|
0 |
|a Manufacturing industries
|z India
|z Valsād.
|
| 650 |
|
0 |
|a Manufacturing industries
|z India
|z Gujarat.
|
| 650 |
|
0 |
|a Working class
|z India
|z Valsād.
|
| 650 |
|
0 |
|a Working class
|z India
|z Gujarat.
|
| 852 |
4 |
|
|a Ayesha Abed Library
|j General Shelf
|
| 999 |
|
|
|c 5466
|d 5466
|
| 952 |
|
|
|0 0
|1 0
|2 ddc
|4 0
|6 338_642095475000000_STR_1985
|7 0
|9 5334
|a BRACUL
|b BRACUL
|c GEN
|d 2009-11-12
|g 1505.00
|l 1
|m 1
|o 338.642095475 STR
|p 3010003772
|r 2014-05-29
|s 2014-05-15
|t 1
|w 2009-11-12
|y BK
|